000 00357nam a2200157Ia 4500
008 200305s9999 xx 000 0 und d
020 _a0-19-569837-1
082 _a658.314
082 _bBHC
100 _aBHATTACHARYA
245 _aCOMPENSATION MANAGEMENT
260 _aNEW DELHI
_bN D OXFORD
300 _a448
650 _aMANAGEMENT
999 _c34022
_d34022
041 _aeng